[Event "BL 9293 Dortmund-Koblenz"]
[Site "?"]
[Date "1993.??.??"]
[Round "?.4"]
[White "Smagin, S."]
[Black "Reschke, S."]
[Result "1-0"]
[WhiteElo "2520"]
[BlackElo "2335"]
[PlyCount "79"]
[EventDate "1993.??.??"]

1. e4 c5 2. c3 d5 3. exd5 Qxd5 4. d4 Nf6 5. Nf3 Bg4 6. Be2 e6 7. h3 Bh5 8. O-O
Nc6 9. Be3 cxd4 10. cxd4 Be7 11. Nc3 Qd6 12. Qb3 O-O 13. a3 Rad8 14. Rfd1 Rd7
15. Rd2 Bg6 16. Ne5 Nxe5 17. dxe5 Qxe5 18. Rxd7 Nxd7 19. Qxb7 Bd6 20. g3 Bc5
21. Bxc5 Nxc5 22. Qxa7 h5 23. Rd1 Rc8 24. Qe7 Kh7 25. Rd5 Qxc3 26. bxc3 exd5
27. Bxh5 Bxh5 28. Qh4 g6 29. g4 Ne4 30. Qe7 Nxc3 31. Qxf7+ Kh6 32. gxh5 Kxh5
33. a4 Kh6 34. Kg2 Ra8 35. Qf4+ Kg7 36. Qc7+ Kh6 37. Qxc3 Rxa4 38. Qh8+ Kg5 39.
Qe5+ Kh6 40. Qxd5 1-0

[Event "BL 9293 Dortmund-Koblenz"]
[Site "?"]
[Date "1993.??.??"]
[Round "?.6"]
[White "Dermann, G."]
[Black "Wolf, V."]
[Result "0-1"]
[WhiteElo "2330"]
[BlackElo "2320"]
[PlyCount "90"]
[EventDate "1993.??.??"]

1. d4 e6 2. Nf3 Nf6 3. c4 Bb4+ 4. Nbd2 d5 5. e3 O-O 6. Be2 b6 7. Qa4 Be7 8.
cxd5 exd5 9. Ne5 Bb7 10. O-O c5 11. Ndf3 Ne4 12. dxc5 bxc5 13. Rd1 Qc7 14. Bd2
Bd6 15. Nd3 Nd7 16. Rac1 a5 17. h3 Bc6 18. Qc2 Rfe8 19. b3 Re6 20. Nh4 Rf6 21.
Nf3 Qb6 22. Bc3 Re6 23. Ba1 a4 24. Qb2 f6 25. Nh4 axb3 26. axb3 Ree8 27. Bg4
Ne5 28. Nxe5 fxe5 29. Bf5 Nf6 30. Qc2 Rab8 31. Rb1 d4 32. Nf3 Bd5 33. Ng5 h6
34. Nh7 Be7 35. b4 cxb4 36. exd4 e4 37. Nxf6+ Bxf6 38. Qc5 Qb7 39. Rxb4 Qxb4
40. Qxd5+ Kh8 41. Bg6 e3 42. fxe3 Rxe3 43. Kf2 Qe7 44. Qa5 Ra3 45. Qf5 Rxa1 0-1

[Event "BL 9293 Porz-Dortmund"]
[Site "?"]
[Date "1993.??.??"]
[Round "?.1"]
[White "Dolmatov, S."]
[Black "Lutz, C."]
[Result "1-0"]
[WhiteElo "2615"]
[BlackElo "2550"]
[PlyCount "81"]
[EventDate "1993.??.??"]

1. e4 c5 2. Nf3 e6 3. d4 cxd4 4. Nxd4 a6 5. Bd3 Nf6 6. O-O Qc7 7. Kh1 d6 8. f4
Be7 9. c4 b6 10. Qe2 Bb7 11. b3 Nbd7 12. Nd2 O-O 13. Bb2 Rfe8 14. Rae1 e5 15.
fxe5 dxe5 16. Nf5 Bf8 17. Qe3 Nc5 18. Bb1 Nfd7 19. Qg3 Kh8 20. Rf4 Ne6 21. Rh4
Bb4 22. Rd1 Rad8 23. Nf3 f6 24. Rf1 b5 25. a3 Bd6 26. cxb5 axb5 27. N3d4 exd4
28. e5 Nxe5 29. Rxh7+ Kxh7 30. Ne7+ g6 31. Qh4+ Kg7 32. Qxf6+ Kh6 33. Qh4+ Kg7
34. Qf6+ Kh6 35. Nxg6 Bxg2+ 36. Kxg2 Ng4 37. Qh4+ Kg7 38. Qxg4 Ng5 39. Qxd4+
Be5 40. Qxe5+ Rxe5 41. Bxe5+ 1-0

[Event "BL 9293 Porz-Dortmund"]
[Site "?"]
[Date "1993.??.??"]
[Round "?.5"]
[White "Buecker, S."]
[Black "Hickl, J."]
[Result "0-1"]
[WhiteElo "2365"]
[BlackElo "2540"]
[PlyCount "90"]
[EventDate "1993.??.??"]

1. e4 c6 2. d4 d6 3. Bd3 e5 4. c3 Nf6 5. Ne2 Be7 6. O-O O-O 7. Nd2 Nh5 8. Nc4
Nd7 9. Be3 b5 10. Nd2 Nb6 11. c4 a6 12. Qc2 g6 13. cxb5 cxb5 14. Rac1 Bg4 15.
f3 Rc8 16. Qb3 Be6 17. Rxc8 Nxc8 18. d5 Bd7 19. Nb1 Bg5 20. Bf2 Qa5 21. Qa3
Qxa3 22. Nxa3 f5 23. Nc2 Bd2 24. a3 Nf6 25. h3 Ne7 26. Rd1 Bg5 27. Bb6 Ra8 28.
Ba5 fxe4 29. fxe4 Nexd5 30. exd5 e4 31. Ned4 exd3 32. Rxd3 Bc1 33. b3 Rc8 34.
Bb4 Bf4 35. Ne2 Bf5 36. Rf3 Be5 37. Ncd4 Be4 38. Rf1 Nxd5 39. Bd2 Bd3 40. Rc1
Re8 41. Rc6 a5 42. Bxa5 Ra8 43. b4 Rf8 44. g3 Bc4 45. a4 Nc3 0-1

[Event "BL 9293 Porz-Dortmund"]
[Site "?"]
[Date "1993.??.??"]
[Round "?.6"]
[White "Knaak, R."]
[Black "Illner, A."]
[Result "1-0"]
[WhiteElo "2515"]
[BlackElo "2320"]
[PlyCount "79"]
[EventDate "1993.??.??"]

1. d4 f5 2. g3 Nf6 3. Bg2 g6 4. h4 d6 5. Nh3 Bg7 6. c3 c6 7. Nd2 e5 8. Nc4 Be6
9. dxe5 Bxc4 10. exf6 Bxf6 11. Bf4 d5 12. Qd2 Nd7 13. Bg5 Qe7 14. b3 Ba6 15.
O-O O-O 16. Rfe1 Kh8 17. Rac1 Rae8 18. Be3 Nc5 19. Bd4 b6 20. h5 Ne6 21. hxg6
hxg6 22. Bxf6+ Qxf6 23. c4 dxc4 24. Bxc6 Re7 25. Bd5 cxb3 26. Bxe6 b2 27. Rcd1
Rxe6 28. Qh6+ Kg8 29. Ng5 Re7 30. Rd2 Rg7 31. Rb1 f4 32. gxf4 Qxf4 33. Qxg7+
Kxg7 34. Ne6+ Kh6 35. Nxf4 Rxf4 36. Rbxb2 Rg4+ 37. Kf1 Rh4 38. Rd7 Rh1+ 39. Kg2
Re1 40. Kf3 1-0

[Event "BL 9293 Porz-Dortmund"]
[Site "?"]
[Date "1993.??.??"]
[Round "?.7"]
[White "Scheffner, A."]
[Black "Vogt, L."]
[Result "0-1"]
[WhiteElo "2290"]
[BlackElo "2520"]
[PlyCount "78"]
[EventDate "1993.??.??"]

1. Nf3 Nf6 2. g3 g6 3. Bg2 Bg7 4. d3 O-O 5. O-O c5 6. e4 Nc6 7. Re1 d6 8. Nbd2
Bd7 9. a4 Rc8 10. Nc4 Ng4 11. c3 Nce5 12. Nfxe5 Nxe5 13. Ne3 e6 14. f4 Nc6 15.
Nc4 Qc7 16. Qe2 Na5 17. e5 Nxc4 18. dxc4 Bc6 19. exd6 Qxd6 20. Rd1 Qc7 21. Be3
Rfd8 22. Qc2 h5 23. Rxd8+ Rxd8 24. Rd1 Rxd1+ 25. Qxd1 Bxg2 26. Kxg2 Qc6+ 27.
Qf3 Qxa4 28. Qxb7 Qxc4 29. Qxa7 Qe4+ 30. Kf2 Qh1 31. Qb8+ Kh7 32. Bxc5 Qxh2+
33. Kf3 Qh3 34. Be7 e5 35. Qb4 exf4 36. Qxf4 Qf1+ 37. Ke4 Qe2+ 38. Kd5 Qxe7 39.
Qd6 Qb7+ 0-1

[Event "BL 9293 Porz-Dortmund"]
[Site "?"]
[Date "1993.??.??"]
[Round "?.8"]
[White "Mainka, R."]
[Black "Theissen, H."]
[Result "1-0"]
[WhiteElo "2515"]
[BlackElo "2300"]
[PlyCount "79"]
[EventDate "1993.??.??"]

1. e4 c5 2. Nf3 d6 3. d4 cxd4 4. Nxd4 Nf6 5. Nc3 e6 6. Be2 Be7 7. O-O O-O 8. f4
Nc6 9. Be3 e5 10. Nf3 Ng4 11. Bc1 exf4 12. Bxf4 Be6 13. Nd5 Bxd5 14. exd5 Nce5
15. Nd4 Qc8 16. c4 Nf6 17. Rc1 Ng6 18. Be3 Bd8 19. Kh1 Bb6 20. b4 Qd7 21. Bg1
Ne5 22. c5 dxc5 23. bxc5 Bd8 24. d6 a6 25. Nf5 Qe6 26. Rb1 g6 27. Nd4 Qd5 28.
Nf3 Nc6 29. Rxb7 Qxa2 30. Nd4 Na5 31. Rb4 Nd5 32. Ra4 Qb2 33. Qa1 Qxa1 34.
Rfxa1 Nb7 35. Bf3 Nxc5 36. Rc4 Rb8 37. Bxd5 Nd7 38. Nc6 Rb2 39. Bd4 Rd2 40. Rf1
1-0

[Event "BL 9293 Koblenz-Solingen"]
[Site "?"]
[Date "1993.??.??"]
[Round "?.1"]
[White "Podzielny, KH."]
[Black "Gurevich, M."]
[Result "1-0"]
[WhiteElo "2450"]
[BlackElo "2610"]
[PlyCount "87"]
[EventDate "1993.??.??"]

1. d4 d5 2. c4 c6 3. Nc3 Nf6 4. Nf3 e6 5. cxd5 exd5 6. Bg5 Be7 7. Qc2 g6 8. e3
Bf5 9. Bd3 Bxd3 10. Qxd3 Nbd7 11. Bh6 Ng4 12. Bf4 O-O 13. h3 Ngf6 14. O-O Re8
15. a3 a5 16. Rfe1 Nf8 17. Rad1 Ne4 18. Ne5 Nxc3 19. Qxc3 Ne6 20. Qb3 Ra7 21.
Bh2 a4 22. Qc2 Bf6 23. Nd3 Ra8 24. Be5 Bxe5 25. Nxe5 Ng5 26. f3 Qd6 27. Qf2 Re7
28. h4 Ne6 29. Ng4 h5 30. Nf6+ Kg7 31. e4 Nf8 32. e5 Qe6 33. Qe3 Nh7 34. g4 Rh8
35. gxh5 Qh3 36. Qf4 gxh5 37. Re2 Nf8 38. Rh2 Qc8 39. Qg5+ Ng6 40. f4 Kf8 41.
f5 Nxe5 42. dxe5 Rxe5 43. Rg2 Rxf5 44. Nh7+ 1-0

[Event "BL 9293 Koblenz-Solingen"]
[Site "?"]
[Date "1993.??.??"]
[Round "?.2"]
[White "Rozentalis, E."]
[Black "Zysk, R."]
[Result "1-0"]
[WhiteElo "2595"]
[BlackElo "2440"]
[PlyCount "118"]
[EventDate "1993.??.??"]

1. e4 e6 2. d4 d5 3. Nd2 c5 4. Ngf3 Nf6 5. exd5 exd5 6. Bb5+ Bd7 7. Bxd7+ Nbxd7
8. O-O Be7 9. dxc5 Nxc5 10. Re1 O-O 11. Nf1 Re8 12. Be3 Qd7 13. c3 Rad8 14. Re2
Bf8 15. Qc2 Nfe4 16. Rae1 h6 17. Nd4 a6 18. Nd2 g6 19. N2b3 Nxb3 20. axb3 Bg7
21. Nf3 Nd6 22. Bd4 Rxe2 23. Rxe2 Re8 24. Bxg7 Kxg7 25. Nd4 Nb5 26. Qd2 Rxe2
27. Nxe2 Qe6 28. f3 Qe5 29. g3 g5 30. Kf2 Nc7 31. Qe3 Qf6 32. Qc5 Qc6 33. Qxc6
bxc6 34. b4 Ne6 35. Ke3 Kf6 36. Nd4 Nd8 37. g4 Ke5 38. h3 f6 39. b3 Kd6 40.
Nf5+ Ke5 41. Nxh6 Nb7 42. Nf5 a5 43. Nd4 Kd6 44. b5 c5 45. Nf5+ Ke5 46. Kd3 Nd6
47. b6 Ke6 48. h4 gxh4 49. Nxh4 Kd7 50. Ng6 c4+ 51. Kc2 Nb7 52. bxc4 dxc4 53.
Nf4 Kd6 54. Nh5 Ke5 55. Kb2 Nc5 56. Ka3 Ke6 57. f4 a4 58. f5+ Ke5 59. Kb4 Nd7
1-0

[Event "BL 9293 Koblenz-Solingen"]
[Site "?"]
[Date "1993.??.??"]
[Round "?.4"]
[White "Fritsche, L."]
[Black "Schaefer, Ma"]
[Result "1-0"]
[WhiteElo "2390"]
[BlackElo "2430"]
[PlyCount "85"]
[EventDate "1993.??.??"]

1. g3 g6 2. Bg2 Bg7 3. e4 c5 4. Nc3 e6 5. d3 Nc6 6. Be3 Nd4 7. Qd2 Ne7 8. Nd1
d6 9. c3 Ndc6 10. Bh6 Bxh6 11. Qxh6 Ne5 12. Qd2 d5 13. f4 N5c6 14. e5 b5 15.
Nf3 Qb6 16. Ne3 Bb7 17. d4 Nf5 18. Nxf5 gxf5 19. dxc5 Qxc5 20. Qf2 Qxf2+ 21.
Kxf2 b4 22. Rac1 Kd7 23. c4 Na5 24. Nd4 Nxc4 25. Rxc4 dxc4 26. Bxb7 Rab8 27.
Bc6+ Kc7 28. Ba4 Kb6 29. Rc1 Rbc8 30. Nc6 Kc5 31. Na5 c3 32. bxc3 bxc3 33. Nc6
Kc4 34. Bb3+ Kc5 35. Rxc3+ Kb6 36. Ba4 Rc7 37. Ke3 Rhc8 38. Rb3+ Kc5 39. Rc3+
Kb6 40. Rb3+ Kc5 41. Nd4 a6 42. Bd7 Rg8 43. Bxe6 1-0

[Event "BL 9293 Koblenz-Solingen"]
[Site "?"]
[Date "1993.??.??"]
[Round "?.5"]
[White "Thesing, M."]
[Black "Reschke, S."]
[Result "0-1"]
[WhiteElo "2385"]
[BlackElo "2335"]
[PlyCount "75"]
[EventDate "1993.??.??"]

1. e4 c5 2. Nc3 Nc6 3. Bb5 Nd4 4. Bc4 g6 5. Nge2 Bg7 6. O-O e6 7. Nxd4 cxd4 8.
Ne2 Ne7 9. d3 d5 10. Bb3 h6 11. Nf4 dxe4 12. dxe4 O-O 13. Nd3 Bd7 14. Bf4 Bc6
15. f3 Kh7 16. Bg3 Rc8 17. a4 a5 18. Qd2 b6 19. Ne5 Bb7 20. Rfd1 f6 21. Nc4 e5
22. Qf2 Ba6 23. Na3 f5 24. Qe1 fxe4 25. Qxe4 Rc5 26. Re1 Nf5 27. Bf2 Nd6 28.
Qh4 Bf6 29. Qh3 e4 30. fxe4 Rh5 31. Qg4 Be5 32. Bg3 Rg5 33. Qd1 Rxg3 34. hxg3
Bxg3 35. Qg4 Bf2+ 36. Kh1 Bc8 37. Be6 Bxe6 38. Qxe6 0-1

[Event "BL 9293 Koblenz-Solingen"]
[Site "?"]
[Date "1993.??.??"]
[Round "?.6"]
[White "Schlick, V."]
[Black "Beckemeyer, W."]
[Result "1-0"]
[WhiteElo "2305"]
[BlackElo "2390"]
[PlyCount "93"]
[EventDate "1993.??.??"]

1. e4 e5 2. Nf3 Nc6 3. Bb5 a6 4. Ba4 Nf6 5. d4 exd4 6. O-O Be7 7. Re1 b5 8. Bb3
d6 9. Bd5 Bb7 10. Nxd4 Nxd5 11. Nxc6 Bxc6 12. exd5 Bb7 13. Bg5 f6 14. Bh4 O-O
15. c4 g5 16. Bg3 f5 17. f4 bxc4 18. Na3 gxf4 19. Bxf4 Bg5 20. Rf1 Bxf4 21.
Rxf4 Qg5 22. Qf3 Rae8 23. h4 Qg7 24. Nxc4 Bc8 25. Rf1 Re7 26. Qd3 Rfe8 27. R1f3
Kh8 28. Rg3 Qf6 29. Ne3 Re4 30. Ng4 Qxb2 31. Nh6 Re1+ 32. Kh2 Qf6 33. Nxf5 Bxf5
34. Rxf5 Qa1 35. Qc3+ Qxc3 36. Rxc3 Rg8 37. Rf2 Re4 38. g3 Re5 39. Rxc7 Rxd5
40. Rff7 Rh5 41. Rfd7 Re8 42. Kh3 Kg8 43. Ra7 Ra5 44. Rg7+ Kh8 45. Rxh7+ Kg8
46. h5 Rxa2 47. Rag7+ 1-0

[Event "BL 9293 Stadthagen-Porz"]
[Site "?"]
[Date "1993.??.??"]
[Round "?.1"]
[White "Lutz, C."]
[Black "Sax, G."]
[Result "1/2-1/2"]
[WhiteElo "2550"]
[BlackElo "2570"]
[PlyCount "67"]
[EventDate "1993.??.??"]

1. d4 Nf6 2. c4 e6 3. Nc3 Bb4 4. Qc2 O-O 5. a3 Bxc3+ 6. Qxc3 b6 7. Bg5 Bb7 8.
f3 h6 9. Bh4 d5 10. e3 Nbd7 11. cxd5 Nxd5 12. Bxd8 Nxc3 13. Bh4 Nd5 14. Bf2 f5
15. Bc4 c5 16. Ne2 Rac8 17. Bb5 Bc6 18. Ba6 Rb8 19. Bd3 b5 20. dxc5 Nxc5 21.
Bc2 Na4 22. b3 Nac3 23. e4 fxe4 24. fxe4 Rxf2 25. Kxf2 Rf8+ 26. Ke1 Ne3 27.
Nxc3 Nxc2+ 28. Kd2 Nxa1 29. Rxa1 Rd8+ 30. Ke3 e5 31. Rf1 a5 32. Rd1 Rxd1 33.
Nxd1 Kf7 34. b4 1/2-1/2

[Event "BL 9293 Stadthagen-Porz"]
[Site "?"]
[Date "1993.??.??"]
[Round "?.2"]
[White "Khalifman, A."]
[Black "Vaganian, R."]
[Result "1-0"]
[WhiteElo "2630"]
[BlackElo "2615"]
[PlyCount "72"]
[EventDate "1993.??.??"]

1. d4 Nf6 2. Nf3 d5 3. c4 e6 4. Nc3 Nbd7 5. Bg5 h6 6. Bh4 dxc4 7. e3 a6 8. a4
c5 9. Bxc4 cxd4 10. exd4 Be7 11. O-O O-O 12. Re1 Nb6 13. Bb3 Nbd5 14. Ne5 Nd7
15. Bg3 Nxc3 16. bxc3 Nxe5 17. Bxe5 Bd6 18. Qf3 Bxe5 19. Rxe5 Bd7 20. Bc2 g6
21. Qg3 Qf6 22. h4 b5 23. h5 Kg7 24. Be4 Rab8 25. axb5 Bxb5 26. hxg6 fxg6 27.
Re1 Ba4 28. Re3 Bd1 29. Bd3 Rb6 30. Bc4 Bg4 31. Qxg4 Qxf2+ 32. Kh2 Rb1 33. Bd3
Qg1+ 34. Kh3 Qh1+ 35. Kg3 g5 36. Bxb1 Rf4 1-0

[Event "BL 9293 Stadthagen-Porz"]
[Site "?"]
[Date "1993.??.??"]
[Round "?.3"]
[White "Hickl, J."]
[Black "Lobron, E."]
[Result "1-0"]
[WhiteElo "2540"]
[BlackElo "2620"]
[PlyCount "79"]
[EventDate "1993.??.??"]

1. g3 e5 2. Bg2 d5 3. d3 c6 4. Nf3 Bd6 5. e4 Ne7 6. O-O O-O 7. Re1 d4 8. Nbd2
Bc7 9. Nc4 b5 10. Ncd2 a5 11. a4 Na6 12. Nb3 Rb8 13. Bf1 Be6 14. Ng5 Bd7 15. c3
bxa4 16. Rxa4 c5 17. Ra3 Nc8 18. Qh5 h6 19. Nf3 a4 20. Nbd2 Qe8 21. Nh4 f6 22.
Qxe8 Rxe8 23. Be2 Nb6 24. Bd1 dxc3 25. bxc3 c4 26. Nxc4 Nxc4 27. dxc4 Nc5 28.
Bc2 Nb3 29. Nf5 Rb7 30. Be3 g6 31. Rd1 gxf5 32. Rxd7 f4 33. gxf4 Kh8 34. fxe5
fxe5 35. Rxa4 Rg8+ 36. Kf1 Rg7 37. Rd5 Rb8 38. Rb5 Rxb5 39. cxb5 Bd6 40. Bxb3
1-0

[Event "BL 9293 Stadthagen-Porz"]
[Site "?"]
[Date "1993.??.??"]
[Round "?.4"]
[White "Tischbierek, R."]
[Black "Knaak, R."]
[Result "0-1"]
[WhiteElo "2490"]
[BlackElo "2515"]
[PlyCount "58"]
[EventDate "1993.??.??"]

1. e4 e6 2. d4 d5 3. Nc3 Nf6 4. e5 Nfd7 5. f4 c5 6. Nf3 Nc6 7. Be3 cxd4 8. Nxd4
Bc5 9. Qd2 O-O 10. O-O-O Nxd4 11. Bxd4 a6 12. h4 b5 13. Rh3 Bb7 14. h5 b4 15.
Na4 Bxd4 16. Qxd4 Qa5 17. b3 Bc6 18. Nb2 Rfc8 19. f5 Qc7 20. Qxb4 Nxe5 21. h6
exf5 22. hxg7 Bd7 23. Rd2 f4 24. Rh6 Bf5 25. Bxa6 Bxc2 26. Bxc8 Be4+ 27. Kd1
Rxc8 28. Ke2 f3+ 29. gxf3 Nxf3 0-1

[Event "BL 9293 Stadthagen-Porz"]
[Site "?"]
[Date "1993.??.??"]
[Round "?.5"]
[White "Van Wely, L."]
[Black "Keitlinghaus, L."]
[Result "1/2-1/2"]
[WhiteElo "2560"]
[BlackElo "2455"]
[PlyCount "86"]
[EventDate "1993.??.??"]

1. d4 f5 2. g3 Nf6 3. Bg2 e6 4. Nf3 d5 5. O-O Bd6 6. c4 c6 7. b3 O-O 8. Ba3
Bxa3 9. Nxa3 Bd7 10. Nc2 Be8 11. c5 Nbd7 12. Nce1 Qe7 13. Nd3 Ng4 14. h3 Nh6
15. Nfe5 Nxe5 16. dxe5 g5 17. e3 Rd8 18. f4 Kh8 19. Qe2 Rg8 20. Kh2 Rd7 21. Bh1
Qd8 22. Rad1 Rdg7 23. Rg1 Bf7 24. Ne1 Qe8 25. Rd3 Bh5 26. Qd2 Qg6 27. Nc2 Nf7
28. Nd4 Qh6 29. Rb1 Bg4 30. Qg2 Rg6 31. Qf1 Qh5 32. b4 Rh6 33. Bg2 Bxh3 34.
Bxh3 g4 35. b5 Rgg6 36. Rdd1 Qxh3+ 37. Qxh3 Rxh3+ 38. Kg2 Rgh6 39. Rh1 Rxh1 40.
Rxh1 Rxh1 41. Kxh1 Nd8 42. a4 Kg8 43. a5 a6 1/2-1/2

[Event "BL 9293 Stadthagen-Porz"]
[Site "?"]
[Date "1993.??.??"]
[Round "?.6"]
[White "Heissler, J."]
[Black "Vogt, L."]
[Result "1/2-1/2"]
[WhiteElo "2410"]
[BlackElo "2520"]
[PlyCount "95"]
[EventDate "1993.??.??"]

1. e4 c5 2. Nf3 e6 3. d4 cxd4 4. Nxd4 Nf6 5. Nc3 d6 6. f4 Nc6 7. Be3 e5 8. Nf3
Ng4 9. Qd2 Nxe3 10. Qxe3 exf4 11. Qxf4 Be6 12. O-O-O Qa5 13. Ng5 Be7 14. Nxe6
fxe6 15. Kb1 Qe5 16. Qxe5 Nxe5 17. Bb5+ Nc6 18. Ne2 Rf8 19. Nd4 Kd7 20. e5 d5
21. c4 Rf2 22. Nxe6 Kxe6 23. cxd5+ Kxe5 24. dxc6 bxc6 25. Rhe1+ Kf6 26. Rf1
Rxf1 27. Rxf1+ Ke5 28. Bxc6 Rc8 29. Re1+ Kd6 30. Be4 h6 31. a3 Bf6 32. Re2 Rc4
33. Bf3 Be5 34. h3 Bf4 35. Re8 Rc7 36. Bg4 Rc1+ 37. Ka2 Be5 38. Re6+ Kd5 39.
Re7 Rc2 40. Rb7 Rc7 41. Bf3+ Kd6 42. Rb5 Rc5 43. Rb4 Rc2 44. Kb1 Rc7 45. Ra4
Bf6 46. Ra5 Kd7 47. Ka2 Kc8 48. Ra6 1/2-1/2

[Event "BL 9293 Stadthagen-Porz"]
[Site "?"]
[Date "1993.??.??"]
[Round "?.7"]
[White "Mainka, R."]
[Black "Gauglitz, G."]
[Result "1-0"]
[WhiteElo "2515"]
[BlackElo "2415"]
[PlyCount "69"]
[EventDate "1993.??.??"]

1. e4 c5 2. Nf3 Nc6 3. Bb5 g6 4. Bxc6 dxc6 5. h3 Bg7 6. d3 Nf6 7. O-O O-O 8.
Re1 h6 9. Nc3 b6 10. Be3 Nd7 11. e5 g5 12. Qd2 f5 13. exf6 exf6 14. Qe2 Nb8 15.
Rad1 Na6 16. Bc1 f5 17. d4 Qf6 18. d5 Nb4 19. d6 Bb7 20. Ne5 Rad8 21. d7 Kh7
22. f4 gxf4 23. Bxf4 Nd5 24. Nxd5 cxd5 25. Qh5 d4 26. c3 Rg8 27. cxd4 Bf8 28.
d5 Rg7 29. Nc6 Rdxd7 30. Re6 Qxe6 31. dxe6 Rxd1+ 32. Qxd1 Bxc6 33. g3 Rg6 34.
Qd3 Be4 35. Qd8 1-0

[Event "BL 9293 Stadthagen-Porz"]
[Site "?"]
[Date "1993.??.??"]
[Round "?.8"]
[White "Schirm, F."]
[Black "Teske, H."]
[Result "0-1"]
[WhiteElo "2340"]
[BlackElo "2480"]
[PlyCount "56"]
[EventDate "1993.??.??"]

1. Nf3 c5 2. g3 Nc6 3. Bg2 g6 4. O-O Bg7 5. c3 d5 6. d4 cxd4 7. Nxd4 Nf6 8. c4
O-O 9. cxd5 Nxd5 10. Nxc6 bxc6 11. Qa4 Qb6 12. Nc3 Be6 13. Qa3 Rfe8 14. e4 Nb4
15. Be3 Nc2 16. Bxb6 Nxa3 17. Bc5 Nc4 18. f4 Nxb2 19. e5 Nd3 20. Be3 Red8 21.
Rab1 f6 22. exf6 Bxf6 23. Ne4 Bg7 24. Rb7 Bxa2 25. Bxa7 Rxa7 26. Rxa7 Bd4+ 27.
Kh1 Bxa7 28. Ra1 Nb4 0-1

[Event "BL 9293 Empor Berlin-Koblenz"]
[Site "?"]
[Date "1993.??.??"]
[Round "?.2"]
[White "Muse, M."]
[Black "Rozentalis, E."]
[Result "0-1"]
[WhiteElo "2490"]
[BlackElo "2595"]
[PlyCount "124"]
[EventDate "1993.??.??"]

1. d4 Nf6 2. c4 e6 3. Nf3 b6 4. e3 Bb7 5. Bd3 c5 6. O-O Be7 7. Nc3 cxd4 8. exd4
d5 9. cxd5 Nxd5 10. Bb5+ Bc6 11. Bc4 O-O 12. Ne5 Bb7 13. Re1 Nxc3 14. bxc3 Nd7
15. Qd3 Rc8 16. Bb3 Nxe5 17. Rxe5 Bf6 18. Rh5 g6 19. Rh3 Qd6 20. Bh6 Rfd8 21.
Qe3 e5 22. Rd1 exd4 23. cxd4 Bd5 24. Bf4 Qc6 25. Be5 Bxb3 26. axb3 Bxe5 27.
Qxe5 Rd5 28. Qf4 h5 29. Rf3 Rf5 30. Qe3 Rxf3 31. gxf3 Rd8 32. Qe4 Rd5 33. h4 a5
34. Kg2 Qd6 35. Rd3 Kg7 36. Qe3 Rf5 37. Kf1 Rf4 38. d5 Rxh4 39. Rd4 Rh1+ 40.
Ke2 Rb1 41. Rd2 Rc1 42. f4 Kf8 43. Qd4 f6 44. Rd3 Rc5 45. Kf1 Kf7 46. Kg2 Rb5
47. Qc4 Rc5 48. Qe4 Rc8 49. f5 g5 50. Qe2 g4 51. Qe6+ Qxe6 52. dxe6+ Ke8 53.
Kg3 Rc5 54. Kf4 Rb5 55. Rc3 Rb4+ 56. Kg3 b5 57. Rc8+ Ke7 58. Rc7+ Kd8 59. Rd7+
Ke8 60. Rf7 Rxb3+ 61. Kg2 a4 62. Rxf6 Rf3 0-1

[Event "BL 9293 Empor Berlin-Koblenz"]
[Site "?"]
[Date "1993.??.??"]
[Round "?.3"]
[White "Seul, G."]
[Black "Chekhov, V."]
[Result "1/2-1/2"]
[WhiteElo "2415"]
[BlackElo "2480"]
[PlyCount "121"]
[EventDate "1993.??.??"]

1. d4 Nf6 2. Nf3 d5 3. c4 c6 4. cxd5 cxd5 5. Nc3 Nc6 6. Bf4 a6 7. e3 Bg4 8. Be2
e6 9. O-O Be7 10. Ne5 Nxe5 11. Bxe5 Bxe2 12. Qxe2 O-O 13. Rac1 Qa5 14. Rc2 Rac8
15. Rfc1 Rc6 16. Nd1 Rfc8 17. Rxc6 Rxc6 18. Rxc6 bxc6 19. Nc3 Nd7 20. Bg3 Bb4
21. h3 c5 22. dxc5 Nxc5 23. Be5 Nd7 24. Bg3 h6 25. Qc2 Bxc3 26. Qxc3 Qxc3 27.
bxc3 Nb6 28. Bd6 Nc4 29. Bc5 e5 30. Kf1 f5 31. Ke2 e4 32. Bd4 Kf7 33. Kd1 g6
34. Kc2 Ke6 35. Bc5 h5 36. h4 Ne5 37. Kb3 Nd3 38. Bd4 Nxf2 39. Kb4 f4 40. exf4
Nd3+ 41. Ka5 Nxf4 42. Kxa6 Nxg2 43. a4 e3 44. a5 e2 45. Bf2 Nf4 46. Be1 Nd3 47.
Bd2 Ne5 48. Be1 Nd3 49. Bd2 Kd7 50. Kb7 g5 51. hxg5 h4 52. g6 Ke6 53. Kb6 Ne5
54. Be1 Nc4+ 55. Kc5 Nxa5 56. Bxh4 Nb3+ 57. Kc6 d4 58. g7 Kf7 59. cxd4 Nxd4+
60. Kd5 Nf3 61. Bf2 1/2-1/2

[Event "BL 9293 Empor Berlin-Koblenz"]
[Site "?"]
[Date "1993.??.??"]
[Round "?.4"]
[White "Poldauf, D."]
[Black "Doncevic, D."]
[Result "1-0"]
[WhiteElo "2400"]
[BlackElo "2370"]
[PlyCount "117"]
[EventDate "1993.??.??"]

1. c4 g6 2. Nc3 c5 3. g3 Bg7 4. Bg2 Nc6 5. e3 e5 6. Nge2 Nge7 7. O-O d6 8. h3
Rb8 9. d3 O-O 10. a3 Be6 11. Nd5 Qd7 12. Kh2 b5 13. Qc2 f5 14. Rb1 bxc4 15.
dxc4 e4 16. Nef4 Bf7 17. Rd1 g5 18. Nxe7+ Nxe7 19. Ne2 Qe6 20. b3 Ng6 21. Bb2
Ne5 22. Nc3 Bh5 23. Rd2 Rf6 24. g4 fxg4 25. Nxe4 Nf3+ 26. Bxf3 Rxf3 27. Nxg5
Be5+ 28. Kh1 Qh6 29. Bxe5 Qxg5 30. Bf4 Rxf4 31. exf4 Qxf4 32. Qd3 Bg6 33. Qd5+
Kh8 34. Re1 Rxb3 35. Kg1 gxh3 36. Rde2 Qg4+ 37. Kh1 Rd3 38. Qa8+ Kg7 39. Re7+
Kh6 40. Qf8+ Kh5 41. R7e5+ dxe5 42. Rxe5+ Qg5 43. Rxg5+ Kxg5 44. Qxc5+ Kf4 45.
Qxa7 Kf3 46. a4 Ke2 47. a5 Kf1 48. a6 Be4+ 49. Kh2 Rf3 50. Qd4 Rxf2+ 51. Kxh3
Bg2+ 52. Kh4 Rf8 53. a7 Ra8 54. Qb6 Ke2 55. c5 Kd3 56. c6 Bxc6 57. Qxc6 Rxa7
58. Qd5+ Ke2 59. Qe4+ 1-0

[Event "BL 9293 Empor Berlin-Koblenz"]
[Site "?"]
[Date "1993.??.??"]
[Round "?.5"]
[White "Fritsche, L."]
[Black "Stern, R."]
[Result "1-0"]
[WhiteElo "2390"]
[BlackElo "2345"]
[PlyCount "101"]
[EventDate "1993.??.??"]

1. e4 e5 2. Bc4 Nf6 3. d3 Nc6 4. Nf3 Bc5 5. c3 d6 6. a4 a6 7. O-O O-O 8. h3 h6
9. Nbd2 Ba7 10. Re1 Ne7 11. Nf1 Ng6 12. Be3 Bxe3 13. Nxe3 c6 14. Bb3 Nf4 15.
Kh2 Nh7 16. Qd2 Qf6 17. Ng1 Ng5 18. Bd1 d5 19. exd5 cxd5 20. h4 d4 21. hxg5
Qxg5 22. g3 dxe3 23. Qxe3 Ng6 24. Qxg5 hxg5 25. Nf3 f6 26. Bb3+ Kh7 27. Kg2 Ne7
28. d4 Bd7 29. Bc2+ g6 30. dxe5 g4 31. Rh1+ Kg7 32. exf6+ Rxf6 33. Ng5 Bc6+ 34.
Be4 Bxe4+ 35. Nxe4 Re6 36. Rae1 Nf5 37. Rh7+ Kxh7 38. Ng5+ Kg8 39. Rxe6 Kg7 40.
Rb6 Re8 41. Rxb7+ Kf6 42. Nh7+ Ke5 43. Rb6 Rd8 44. Nf6 Nh6 45. Rxa6 Rd2 46. Rb6
Kf5 47. c4 Nf7 48. Nd5 Ne5 49. Ne3+ Kg5 50. Rb5 Kf6 51. a5 1-0

[Event "BL 9293 Empor Berlin-Koblenz"]
[Site "?"]
[Date "1993.??.??"]
[Round "?.6"]
[White "Thinius, M."]
[Black "Reschke, S."]
[Result "0-1"]
[WhiteElo "2310"]
[BlackElo "2335"]
[PlyCount "58"]
[EventDate "1993.??.??"]

1. d4 Nf6 2. c4 g6 3. Nc3 Bg7 4. e4 d6 5. Nge2 e5 6. d5 a5 7. Ng3 h5 8. Be2 Na6
9. f3 h4 10. Nf1 Nh5 11. Ne3 Bd7 12. b3 Bh6 13. Rb1 Bf4 14. Nf1 Qg5 15. Rg1 Nc5
16. Nb5 Kd8 17. Ba3 b6 18. Bc1 f5 19. Nc3 Ke7 20. Qc2 Raf8 21. Kd1 Qf6 22. g3
hxg3 23. hxg3 Nxg3 24. Rxg3 Bxg3 25. Nxg3 Rh3 26. Nf1 fxe4 27. f4 exf4 28. Nxe4
Qd4+ 29. Ned2 f3 0-1

[Event "BL 9293 Empor Berlin-Koblenz"]
[Site "?"]
[Date "1993.??.??"]
[Round "?.7"]
[White "Schlick, V."]
[Black "Rosenthal, D."]
[Result "0-1"]
[WhiteElo "2305"]
[BlackElo "2330"]
[PlyCount "84"]
[EventDate "1993.??.??"]

1. e4 e6 2. d4 d5 3. Nc3 Bb4 4. e5 b6 5. Nh3 Ba6 6. Bxa6 Nxa6 7. O-O Nb8 8. Nf4
Bf8 9. a4 Nc6 10. Nce2 Nge7 11. c3 Na5 12. Ng3 g6 13. Re1 Qd7 14. Nf1 Nf5 15.
b4 Nc4 16. Nd2 Nxd2 17. Bxd2 Be7 18. a5 O-O 19. Qa4 Qxa4 20. Rxa4 c5 21. dxc5
bxc5 22. b5 Rab8 23. Rb1 Rb7 24. a6 Rbb8 25. Kf1 Rfc8 26. g4 Nh4 27. Ke2 g5 28.
Nh5 Ng6 29. Nf6+ Bxf6 30. exf6 h6 31. f4 gxf4 32. Bxf4 Nxf4+ 33. Rxf4 Kh7 34.
Kd3 Rb6 35. Rg1 Rxb5 36. g5 h5 37. g6+ fxg6 38. f7 Kg7 39. c4 Rb3+ 40. Kc2 Rb4
41. Rgf1 Rf8 42. Kd3 e5 0-1